| 000 | 01387 a2200277 4500 | ||
|---|---|---|---|
| 001 | 32097 | ||
| 005 | 20260407155622.0 | ||
| 008 | 260407a1989 arg spa d | ||
| 003 | AR-UNSa-BCEJYS | ||
| 040 |
_aAR-UNSa-BCEJYS _bspa _cAR-UNSa-BCEJYS |
||
| 080 |
_a658 _xAdministración de empresas. Organización comercial |
||
| 245 | 1 | 0 | _aAdministración |
| 020 | _a968-422-278-5 | ||
| 250 | _a2a. ed | ||
| 264 | 1 |
_aMéxico : _bMcGraw-Hill _c1989 |
|
| 300 |
_a791 p. _c23 cm. |
||
| 505 | _a1. Admimnistradores y administración - 2. Enfoque de la administración - 3. Organizaciones, ambientes y responsabilidad social - 4. Misión y objetivos - 5. Estrategia y política - 6. Toma de decisiones - 7. Teoría y diseño de la organización - 8. Estructuras de la organización - 9. Coordinación - 10. Grupos en las organizaciones - 11. Motivación - 12. Liderazgo - 13. Comunicación - 14. Conflicto, cambio y desarrollo - 15. Administración de recursos humanos - 16. Controles - 17. Producción y administración de las operciones - 18. Control financiero y sistemas de información gerencial. | ||
| 041 | _aspa | ||
| 942 | _cBK | ||
| 590 | _aniveau_biblio:m niveau_hierar:0 | ||
| 100 | 1 | _aHampton, David R. | |
| 700 | 1 | _aMalfavón Martínez, Marco Antonio | |
| 700 | 1 | _aRosas Sánchez, Maria Elena | |
| 700 | 1 | _aCabrera Mir, Luis Fernando | |
| 700 | 1 | _aDelgado Torres, Isaura | |
| 999 |
_c2251 _d2251 |
||